00663nam a2200145Ia 4500008004100000100002300041245017600064245006100240260004800301260001500349650002700364856003400391999001900425952007300444160809s9999 xx 000 0 und d aHuang, Chengliang. aApproaches in Using Expectation Maximization Algorithm for Maximum Likelihood Estimation of The Parameters of a Constrained State Space Model with an External Input Series cChengliang Huang, Xiao-Ping Zhang and Fang Wang, Ryerson bComputer Science and Information Technology cApril 2016 xINFORMATION TECHNOLOGY uhttp://airccse.org/V6N52.html c300089d300089 001040aCLbCLd2016-08-09l0r2016-08-09 00:00:00w2016-08-09yFOJ